| 000 | 00725nam a2200181Ia 4500 | ||
|---|---|---|---|
| 005 | 20250508160021.0 | ||
| 008 | 008 250505s9999 xx 000 0 eng d | ||
| 037 | _aBooks to be hide in OPAC | ||
| 040 |
_aFEDL _beng _cFEDL |
||
| 041 |
_aeng _2eng |
||
| 084 |
_a371.426 094 2, GRE _qFEDL |
||
| 245 | 0 | _aAnnual report on the distribution of grants for agricultural education and research in the year 1901-1902; with statements respecting the several colleges and institutions aided: The experiements conducted; and the expenditure on agricultural instruction | |
| 245 | 0 | _cBoard of Agriculture | |
| 260 | _c1902 | ||
| 300 | _ax,119p. | ||
| 942 |
_cHB _h371.426 094 2, GRE |
||
| 999 |
_c1361059 _d1361059 |
||